| 000 | 00418nam a2200169 a 4500 | ||
|---|---|---|---|
| 001 | 5935 | ||
| 003 | CDMR | ||
| 005 | 20130220142515.0 | ||
| 008 | 130220s1999||||||||||||||||||||||||||||d | ||
| 040 |
_aCDMR _bcat _cCDMR |
||
| 100 | 1 |
_aBuenafuente, Andreu _92948 |
|
| 245 | 1 | 0 |
_aSense llibre _cAndreu Buenafuente |
| 260 |
_aBarcelona _bPlaneta _c1999 |
||
| 300 |
_a235 p ; _c20 cm |
||
| 630 | _aRecull d'articles | ||
| 942 | _cMON | ||
| 999 |
_c5935 _d5935 |
||